Car Models by Picture #7 - Statistics

General Stats
  • This quiz has been taken 192 times
  • The average score is 6 of 12
Answer Stats
Picture Hint Answer % Correct
BMW i8
89%
Chevrolet Corvette
81%
Ferrari LaFerrari
78%
Hyundai i20
59%
Citroën C5
55%
Mercedes-Benz A-Class
54%
Nissan Micra
46%
Ford Mondeo
43%
Jaguar F-Pace
41%
SEAT Alhambra
31%
Pontiac Fiero
22%
Subaru BRAT
18%
No matching quizzes found
Score Distribution
Percent of People with Each Score
Percentile by Number Answered
Your Score History
You have not taken this quiz